Việt Nam thời Pháp đô hộ

Gồm 3 phần. Ph.1: Sự chiếm cứ quân sự; Ph.2: Chế độ thuộc địa; Ph.3: Phản ứng của dân Việt Nam đối với chế độ thuộc địa

Spremljeno u:
Bibliografski detalji
Glavni autor: Nguyễn, Thế Anh
Format: Knjiga
Jezik:Undetermined
Izdano: H. Văn hóa - Văn nghệ 2017
Teme:
Online pristup:http://lrc.tdmu.edu.vn/opac/search/detail.asp?aID=2&ID=29012
Oznake: Dodaj oznaku
Bez oznaka, Budi prvi tko označuje ovaj zapis!
Thư viện lưu trữ: Trung tâm Học liệu Trường Đại học Thủ Dầu Một
LEADER 00923nam a2200205Ia 4500
001 TDMU_29012
008 210410s9999 xx 000 0 und d
082 |a 539.7232 
090 |b NG527 
100 |a Nguyễn, Thế Anh 
245 0 |a Việt Nam thời Pháp đô hộ 
245 0 |c Nguyễn Thế Anh 
260 |a H. 
260 |b Văn hóa - Văn nghệ 
260 |c 2017 
300 |a 349tr. 
520 |a Gồm 3 phần. Ph.1: Sự chiếm cứ quân sự; Ph.2: Chế độ thuộc địa; Ph.3: Phản ứng của dân Việt Nam đối với chế độ thuộc địa 
650 |a Lịch sử  |x Kháng chiến chống Pháp  |z Việt Nam; Lịch sử Việt Nam  |x Kháng chiến chống Pháp 
856 |u http://lrc.tdmu.edu.vn/opac/search/detail.asp?aID=2&ID=29012 
980 |a Trung tâm Học liệu Trường Đại học Thủ Dầu Một